Most Guessed Countries on Most Guessed Countries on Jetpunk - Statistics

General Stats
  • This quiz has been taken 36 times
  • The average score is 14 of 14
Answer Stats
% Guessed Country % Correct
98% Canada
100%
98% China
100%
97% France
100%
98% Russia
100%
100% United States
100%
94% Australia
97%
93% Japan
97%
93% Spain
97%
98% United Kingdom
97%
96% Brazil
94%
95% Germany
94%
91% Italy
94%
96% Mexico
94%
90% India
89%
No matching quizzes found
Score Distribution
Percent of People with Each Score
Percentile by Number Answered
Your Score History
You have not taken this quiz